British Ballon d'Or Winners - Statistics

General Stats
  • This quiz has been taken 377 times
  • The average score is 5 of 6
Answer Stats
Year Country Player % Correct
2001 England Michael Owen
93%
1966 England Bobby Charlton
90%
1968 Northern Ireland George Best
89%
1978 and 1979 England Kevin Keegan
64%
1956 England Stanley Matthews
62%
1964 Scotland Denis Law
61%
No matching quizzes found
Score Distribution
Percent of People with Each Score
Percentile by Number Answered
Your Score History
You have not taken this quiz